000 00382nam a22001577a 4500
999 _c5879
_d5877
005 20210828113526.0
008 190528b xxu||||| |||| 00| 0 eng d
020 _a978-81-85790-39-8
041 _aeng
100 _aITKAR, SACHIN C.
_96800
245 _aPHARMACEUTICAL MANAGEMENT
250 _a4th Ed. , 2018
260 _aPUNE
_bNIRALI PRAKASHAN
300 _aB.2p,
942 _cBK